By the banks of the Wular / (Record no. 593358)
[ view plain ]
| 000 -LEADER | |
|---|---|
| fixed length control field | 01283cam a22003615i 4500 |
| 001 - CONTROL NUMBER | |
| control field | 22663819 |
| 005 - DATE AND TIME OF LATEST TRANSACTION | |
| control field | 20230220094117.0 |
| 008 - FIXED-LENGTH DATA ELEMENTS--GENERAL INFORMATION | |
| fixed length control field | 220624s2022 pk 000 0 eng |
| 010 ## - LIBRARY OF CONGRESS CONTROL NUMBER | |
| LC control number | 2022312826 |
| 020 ## - INTERNATIONAL STANDARD BOOK NUMBER | |
| International Standard Book Number | 9789692371902 |
| 037 ## - SOURCE OF ACQUISITION | |
| Source of stock number/acquisition | Library of Congress -- Islamabad Overseas Office |
| 040 ## - CATALOGING SOURCE | |
| Original cataloging agency | DLC |
| Language of cataloging | eng |
| Transcribing agency | DLC |
| Description conventions | rda |
| 041 1# - LANGUAGE CODE | |
| Language code of text/sound track or separate title | eng |
| -- | ara |
| -- | per |
| Language code of original | urd |
| 042 ## - AUTHENTICATION CODE | |
| Authentication code | lcode |
| 043 ## - GEOGRAPHIC AREA CODE | |
| Geographic area code | a-pk--- |
| -- | a-ii--- |
| 082 ## - DEWEY DECIMAL CLASSIFICATION NUMBER | |
| Classification number | 954.6 |
| Author Mark | GEE |
| 100 1# - MAIN ENTRY--PERSONAL NAME | |
| Personal name | Gīlānī, Sayyid ʻAlī, |
| Dates associated with a name | 1929-2021, |
| Relator term | author. |
| 9 (RLIN) | 109236 |
| 245 10 - TITLE STATEMENT | |
| Title | By the banks of the Wular / |
| Statement of responsibility, etc. | Syed Ali Geelani ; translated by Mansoor Naqashbandi ; edited Nur ul Iman. |
| 246 14 - VARYING FORM OF TITLE | |
| Title proper/short title | By the banks of Wular : |
| Remainder of title | life, mission & struggle |
| 250 ## - EDITION STATEMENT | |
| Edition statement | First edition. |
| 264 #1 - PRODUCTION, PUBLICATION, DISTRIBUTION, MANUFACTURE, AND COPYRIGHT NOTICE | |
| Place of production, publication, distribution, manufacture | Islamabad : |
| Name of producer, publisher, distributor, manufacturer | Legal Forum for Kashmir, |
| Date of production, publication, distribution, manufacture, or copyright notice | 2022. |
| 300 ## - PHYSICAL DESCRIPTION | |
| Extent | ix, 360 pages ; |
| Dimensions | 22 cm |
| 336 ## - CONTENT TYPE | |
| Content type term | text |
| Content type code | txt |
| Source | rdacontent |
| 337 ## - MEDIA TYPE | |
| Media type term | unmediated |
| Media type code | n |
| Source | rdamedia |
| 338 ## - CARRIER TYPE | |
| Carrier type term | volume |
| Carrier type code | nc |
| Source | rdacarrier |
| 500 ## - GENERAL NOTE | |
| General note | "An English adaption of Wular Kinarey vol 1"--Cover. |
| 500 ## - GENERAL NOTE | |
| General note | Citations in Arabic, Persian and Urdu. |
| 700 1# - ADDED ENTRY--PERSONAL NAME | |
| Personal name | Naqashbandi, Mansoor, |
| Relator term | translator. |
| 9 (RLIN) | 109237 |
| 700 0# - ADDED ENTRY--PERSONAL NAME | |
| Personal name | Nur ul Iman, |
| Relator term | editor. |
| 9 (RLIN) | 109238 |
| 906 ## - LOCAL DATA ELEMENT F, LDF (RLIN) | |
| a | 7 |
| b | ibc |
| c | origode |
| d | 3 |
| e | ncip |
| f | 20 |
| g | y-gencatlg |
| 942 ## - ADDED ENTRY ELEMENTS (KOHA) | |
| Source of classification or shelving scheme | |
| Koha item type | Book |
| Withdrawn status | Lost status | Source of classification or shelving scheme | Damaged status | Not for loan | Permanent Location | Current Location | Shelving location | Date acquired | Source of acquisition | Total Checkouts | Full call number | Barcode | Date last seen | Price effective from | Koha item type |
|---|---|---|---|---|---|---|---|---|---|---|---|---|---|---|---|
| Central Library (CL) | Central Library (CL) | History | 02/20/2023 | Donated by Musaib Manzoor | 954.6 GEE | CL-D-2246 | 02/20/2023 | 02/20/2023 | Book | ||||||
| Central Library (CL) | Central Library (CL) | History | 02/20/2023 | Donated by Musaib Manzoor | 954.6 GEE | CL-D-2247 | 02/20/2023 | 02/20/2023 | Book | ||||||
| Central Library (CL) | Central Library (CL) | History | 02/20/2023 | Donated by Musaib Manzoor | 954.6 GEE | CL-D-2248 | 02/20/2023 | 02/20/2023 | Book | ||||||
| Central Library (CL) | Central Library (CL) | History | 02/20/2023 | Donated by Musaib Manzoor | 954.6 GEE | CL-D-2249 | 02/20/2023 | 02/20/2023 | Book |
